00784nam a22001937a 4500999001700000003000900017008004100026040007100067082001900138245003900157260002800196300002600224505015100250650003000401650002400431942001600455945002100471952009800492 c15613d15613AR-CdUCM190429b ||||| |||| 00| 0 esp d aMUNICIPALIDAD PROVINCIAL DEL CUSCOcBIBLIOTECA MUNICIPAL DEL CUSCO a869.508 /bA56 aAncash : btradiciones y cuentos / aLima :bAusonia,c1958. a93 páginas ;c18cm. aJusticia de Bolívar, Ricardo Palma -- La temeridad y la justicia de Dios, Celso V. Torres -- Historia vulgar de un hombre de bien, Aurelio Arnao aCuentos de costumbres934 aCuentos peruanos97 2ddccLIBROS aacrtd2019-04-29 002ddc4070aSHbSHcCARTd2019-04-29g6.00o869.508 / A56pSH0000011003r2019-04-29yLIBROS